|
|
|
|
| LEADER |
01272nam a2200277 i 4500 |
| 001 |
GR-MES4902 |
| 003 |
GR-PaULI |
| 005 |
20250327111408.0 |
| 008 |
991111s1995 gr a g 000 0 gre d |
| 020 |
|
|
|a 9602861819
|
| 040 |
|
|
|a GrPaTEI
|b gre
|c GR-PaULI
|e AACR2
|
| 082 |
0 |
4 |
|2 23
|a 387.744
|
| 100 |
1 |
|
|a Ζωγραφάκη, Ρομίνα
|9 40919
|e συγγραφέας
|
| 245 |
1 |
0 |
|a Αεροπορικοί ναύλοι /
|c Ρομίνα Ζωγραφάκη ; επιμέλεια: Μιχ. Γλαμπεδάκης .
|
| 260 |
|
|
|a Αθήνα :
|b Ίων,
|c 1995.
|
| 300 |
|
|
|a 382, [1] σ. :
|b εικ. ;
|c 24 εκ.
|
| 504 |
|
|
|a Περιλαμβάνει βιβλιογραφία.
|
| 650 |
|
4 |
|a Αεροπορία, Πολιτική
|9 83094
|
| 650 |
|
4 |
|a Αεροπορικοί ναύλοι
|9 206594
|
| 650 |
|
4 |
|a Αεροπορικά ταξίδια
|9 206593
|
| 650 |
|
4 |
|a Μεταφορές
|9 536
|
| 700 |
1 |
|
|a Γλαμπεδάκης, Μιχάλης Αντ.,
|d 1949-
|e επιμελητής.
|9 51224
|
| 942 |
|
|
|2 ddc
|c BK
|
| 952 |
|
|
|0 0
|1 0
|2 ddc
|4 0
|6 387_744000000000000_ΖΩΓ
|7 0
|9 269532
|a MSLG
|b MSLG
|c BSC
|d 2021-01-17
|e 24
|f 0
|g 0.00
|i 9110
|l 0
|o 387.744 ΖΩΓ
|p 2420000009110
|r 2021-01-17 00:00:00
|t 1
|w 2021-01-17
|y BK15
|x 19991111 0 1
|x GrPaTEI
|
| 998 |
|
|
|c ΒΑΣΙΛΕΙΟΥ
|d 2024-11
|
| 999 |
|
|
|c 155533
|d 155533
|